zpět

Detail výsledku týmu

Bar U Souseda, Plzeň

Datum a čas kvízu

35.5 Celkem bodů Celkový počet nahraných bodů na tomto kvízu bez doplňovacích otázek.
5. Pořadí na kvízu Konečné umístění týmu na tomto kvízu.

Zaznamenané odpovědi

# Otázka Odpověď Body Výsledky
1. Zoologická a botanická zahrada... medvěd (hnědý) 1
2. Fotografie státní tajemnice pr... Francie 0
3. Jeden český umělec se v ponděl... Michal Hrůza 1
4. Podle žebříčku zveřejněného v... Bernard Arnault 1
5. Český sport slaví diplomatický... Petr Fousek 1
6. Podstatou biotechnologií je vy... 2 (1928), Alexander Fleming 0.5
7. Kontroverzní americká společno... Roundup 0
8. „Miliardy spojenců L. casei im... lactobacillus 1
9. Využití mikroorganismů k získá... kombucha 1
10. Biotechnologické téma zakončím... C 0